| 000 | 00641cam a22002293a 4500 | ||
|---|---|---|---|
| 001 | 5624 | ||
| 003 | PGUSA | ||
| 005 | 20140828083122.0 | ||
| 008 | 040501s2004||||xxu|||||s|||||000 | eng d | ||
| 040 |
_aPGUSA _beng |
||
| 042 | _adc | ||
| 050 | 4 | _aHX | |
| 100 | 1 |
_aAdams, Edward F. _q(Edward Francis), _d1839-1929 |
|
| 245 | 1 | 4 |
_aThe Inhumanity of Socialism _h[electronic resource] / _cEdward F. Adams |
| 260 |
_bProject Gutenberg, _c2004 |
||
| 506 | _aPublic domain in the USA. | ||
| 516 | _aElectronic text | ||
| 653 | _aSocialism | ||
| 830 | 0 |
_aProject Gutenberg _v5624 |
|
| 856 | 4 | 0 | _uhttp://www.gutenberg.org/ebooks/5624 |
| 942 | _cEB | ||
| 999 |
_c234952 _d234952 |
||